Name That Bankrupt Celebrity Quiz Stats

 Plays Quiz Updated Oct 2, 2014

Challenge
Share
Tweet
Embed
Score 0/24 Timer 07:00
6 Plays Today
Bio Bankrupt % Correct
Before he created Mickey and Donald, he 'drew' too much credit and went bankrupt.Walt Disney
97.4%
The 45th President who says 'You're fired!' has heard 'You're bankrupt!'Donald Trump
96.1%
This president helped abolish slavery but spent 17 years working to abolish his debt.Abraham Lincoln
92.1%
This boxer had a taste for ears...and bad financial decisions.Mike Tyson
91.2%
This boxer is famous for countertop grills....and unpaid bills.George Foreman
79.6%
Before he founded a circus with Bailey, he found himself in tremendous debt.P.T. Barnum
69.7%
His Bat Out of Hell album went platinum, but he went into the red to the tune of $1.6 million.Meat Loaf
69.5%
Goodness gracious, he found himself in great balls of debt and headed to bankruptcy court in 1988.Jerry Lee Lewis
65.1%
This Miami Vice star had lots of vices, including spending more than he earned.Don Johnson
59.7%
I heard it through the grapevine: he filed for bankruptcy in 1976.Marvin Gaye
58.9%
Alimony from 9 marriages couldn't keep this Hungarian movie & TV actress from declaring bankruptcy.Zsa Zsa Gabor
56.6%
Known for 'What'choo talkin' 'bout, Willis?', he also asked 'What'choo talkin' 'bout, accountant?'Gary Coleman
55.4%
Bio Bankrupt % Correct
This rapper was 'too legit to quit'...maybe cuz he needed the dough to pay off $13 million in debt.MC Hammer
46.8%
Alec Baldwin's ex is also a bankruptcy ex.Kim Basinger
44.9%
Maybe this Mr. Las Vegas and 'Danke Schoen' singer lost too much at the craps table.Wayne Newton
43.6%
It must be costly to reattach a penis. Doctor bills sent this man into bankruptcy.John Wayne Bobbitt
42.5%
He co-founded Farm Aid but also needed some of his own aid.Willie Nelson
40.1%
This hard-hitting Hall of Fame linebacker of the NY Giants was hit hard by unpaid child support.Lawrence Taylor
37.7%
Despite the suspenders, this TV talk show host lost his shorts and declared bankruptcy in 1978.Larry King
36.4%
The pop diva of the #1 hit 'Un-Break My Heart' had to un-bury herself from $50 million in debt. Toni Braxton
34.7%
This 'Cat Scratch Fever' rocker was 'hounded' by financial trouble and filed for bankruptcy in 1980.Ted Nugent
33.6%
This Hollywood Madam found herself in the red despite all the stars in her black book.Heidi Fleiss
31.6%
This 'Wayne's World' hottie found it easy to pay her bills — NOT!Tia Carrere
27.7%
Figure skater known for putting her personal touches on the camel spin who had investments take a tailspin.Dorothy Hamill
26.6%

You're not logged in!

Compare scores with friends on all Sporcle quizzes.
OR
Log In

You Might Also Like...

Show Comments

Extras

Top Quizzes Today


Score Distribution

Your Account Isn't Verified!

In order to create a playlist on Sporcle, you need to verify the email address you used during registration. Go to your Sporcle Settings to finish the process.

Report this User

Report this user for behavior that violates our Community Guidelines.

Details: